Datum a čas kvízu
39
Celkem bodů
Celkový počet nahraných bodů na tomto kvízu bez doplňovacích otázek.
1.
Pořadí na kvízu
Konečné umístění týmu na tomto kvízu.
Zaznamenané odpovědi
| # | Otázka | Odpověď | Body | Výsledky |
|---|---|---|---|---|
| 1. | Jak se jmenuje náměstek pražsk... | Zdeněk Hřib | 1 | |
| 2. | Nebývá zvykem, aby politik zas... | Emily v Paříži/ Emily in Paris | 1 | |
| 3. | Od čtvrtka do soboty měly tisí... | Hra o trůny/Game of Thrones | 1 | |
| 4. | Nápad vědců z brněnské Mendelo... | B) mangové pecky | 0 | |
| 5. | 134. ročník Velké pardubické b... | Sexy Lord, Godfrey | 1 | |
| 6. | Hned na začátku tohoto tématu... | pekanové (0,5 b.), makadamové (1 b.) | 0 | |
| 7. | V úryvku textu populární české... | Skořápky ořechů, Marie Rottrová | 1 | |
| 8. | Jak se jedním kratším slovem n... | gola | 1 | |
| 9. | Který oříšek se na české Wikip... | muškátový | 1 | |
| 10. | Který z těchto výroků o pohádc... | D | 1 |